000
00333nam a22001577a 4500
005
20160628151023.0
008
160628b xxu||||| |||| 00| 0 eng d
020
_a
007-065635-5
041
_a
eng
082
_b
10938
245
_a
Decision Making
260
_b
Harvard
300
_a
161
650
_a
Management
_9
241
942
_c
BK
999
_c
4505
_d
4504